000 00276nam a22001337a 4500
008 170609b xxu||||| |||| 00| 0 eng d
020 _a0300021259
041 _aeng
080 _a32
100 _a19
101 _aSHP
245 _aCONGRESS
_cFIORINA, M.P
942 _2udc
_cBK
999 _c16794
_d16794